| 000 | 00408nam a22001217a 4500 | ||
|---|---|---|---|
| 008 | 230606b xxu||||| |||| 00| 0 eng d | ||
| 082 |
_a338.96762 _bKEN |
||
| 245 |
_aSecond Annual Progress Report _bOn the Implementation of the First Medium Term Plan (2008-2012) _cGovernment of the Republic of Kenya |
||
| 260 |
_aKenya _bGovernment of Kenya _cMay, 2011 |
||
| 300 | _a172 p | ||
| 500 | _aPictures | ||
| 942 |
_2ddc _cBK |
||
| 999 |
_c491 _d491 |
||